|
|
|
|
| LEADER |
00000nab a2200000 a 4500 |
| 001 |
vtls010722681 |
| 003 |
SK-MaSNL |
| 005 |
20260304192314.0 |
| 008 |
250709s2003 xo |||||||||||||||||slo| |
| 035 |
|
|
|a (urnnbn)urn:nbn:sk:snk:ar-a04t6e
|
| 035 |
|
|
|a (uuid)da741b8b-29bf-466e-bb58-f96d31f4da75
|
| 035 |
|
|
|a urn:nbn:sk:snk-ab3n8l
|
| 040 |
|
|
|a SNKBUCL
|b slo
|c SNKBUCL
|e AACR2
|
| 041 |
0 |
|
|a slo
|
| 044 |
|
|
|a xo
|c SK
|
| 100 |
1 |
|
|a Horňák, S.
|4 aut
|9 779825
|
| 245 |
1 |
0 |
|a Vyšetrenie a terapia dravých vtákov v kritickom stave
|c S. Horňák, V. Ledecký, M. Hluchý
|
| 700 |
1 |
|
|a Ledecký, Valent,
|d 1950-
|4 aut
|9 204823
|
| 700 |
1 |
|
|a Hluchý, Marian,
|d 1969-
|4 aut
|9 197852
|
| 773 |
0 |
|
|t Infovet : veterinársky odborno-informačný časopis
|g Roč. 10, č. 1 (2003), s. 10-15
|
| 850 |
|
|
|a Slovenská národná knižnica
|
| 852 |
|
|
|a Slovenská národná knižnica
|
| 954 |
|
|
|a odborná, vedecká literatúra pôvodná (slovenská)
|2 lita
|
| 958 |
|
|
|a article1
|
| 958 |
|
|
|a OND
|
| 958 |
|
|
|a EUIPO
|
| 999 |
|
|
|c 3060708
|d 3062638
|